The Magic of Thinking Big / (Record no. 617440)

000 -LEADER
fixed length control field 00420nam a22001697a 4500
003 - CONTROL NUMBER IDENTIFIER
control field NUST
020 ## - INTERNATIONAL STANDARD BOOK NUMBER
International Standard Book Number 9781785040474
038 ## - RECORD CONTENT LICENSOR
Staff Name waseem
082 ## - DEWEY DECIMAL CLASSIFICATION NUMBER
Classification number 158.1,SCH
100 ## - MAIN ENTRY--PERSONAL NAME
Personal name Schwartz, David J.
9 (RLIN) 14575
245 ## - TITLE STATEMENT
Title The Magic of Thinking Big /
Statement of responsibility, etc. David J. Schwartz
260 ## - PUBLICATION, DISTRIBUTION, ETC.
Place of publication, distribution, etc. US
Name of publisher, distributor, etc. Imprint
Date of publication, distribution, etc. 2012
300 ## - PHYSICAL DESCRIPTION
Extent 221 p. ;
500 ## - GENERAL NOTE
General note Hardcover.
650 ## - SUBJECT ADDED ENTRY--TOPICAL TERM
Topical term or geographic name entry element Classic teaching
9 (RLIN) 134446
942 ## - ADDED ENTRY ELEMENTS (KOHA)
Source of classification or shelving scheme
Koha item type Book
Call number prefix 158.1,SCh
Holdings
Withdrawn status Lost status Source of classification or shelving scheme Damaged status Not for loan Permanent Location Current Location Shelving location Date acquired Total Checkouts Full call number Barcode Date last seen Price effective from Koha item type
          Military College of Signals (MCS) Military College of Signals (MCS) General Stacks 05/13/2026   158.1,SCH MCS39000 05/13/2026 05/13/2026 Book
© 2023 Central Library, National University of Sciences and Technology. All Rights Reserved.